000 00691nam a2200229 i 4500
001 8640
003 ES-MaACL
005 20230906145513.0
007 t|
008 920818s1989 sp ||||1| spa d
080 _a86-22"19"
080 _a86(Sanchis Siniestra,J.7 A.01)
100 1 _aSanchis Sinisterra, José.
_9103020
245 1 0 _a¡Ay, Carmela! /
_cJosé Sanchis Sinisterra.
260 _aMadrid :
_bEl Público, Centro de Documentación Teatral,
_c1989.
300 _a116 p. ;
_c22 cm.
490 1 _aTeatro ;
_v1
710 2 _aCentro de Documentación Teatral (España)
_92605
830 0 _aTeatro ;
_v1
_9178026
852 _aES-MaACL
_jL-16097
_bR.117127
999 _c8640
_d8640